000 00769nam a22002537a 4500
001 BR9504407
003 BR-BrBNA
005 20230928094630.0
007 ta
008 230509b bl.||||| |||| 00| 0 por d
040 _aBR-BrBNA
_bpor
_cBiblioteca Nacional de Agricultura
041 _a(Por)
072 _aM12
_b8520
090 _ 8520 BR9504407
110 1 _aAssociacao dos Ranicultores do Estado do Rio de Janeiro, Rio de Janeiro (Brasil)
_9629
111 1 _a7. Encontro Nacional de Ranicultura
_cRio de Janeiro, RJ (Brazil)
_d6-9 Apr 1992
245 1 _a7. Encontro Nacional de Ranicultura
260 3 _aRio de Janeiro, RJ (Brasil):
_c1992.
300 _a280 p.
650 _aRa
650 _aRanario
909 _a202309
_bLucia
_c55
_dLucia Elande
942 _cBK
999 _c51769
_d51769